Innovative Horticulture (Record no. 480004)
[ view plain ]
| 000 -LEADER | |
|---|---|
| fixed length control field | 00343nam a22001457a 4500 |
| 003 - CONTROL NUMBER IDENTIFIER | |
| control field | ASAB |
| 005 - DATE AND TIME OF LATEST TRANSACTION | |
| control field | 20180827062618.0 |
| 008 - FIXED-LENGTH DATA ELEMENTS--GENERAL INFORMATION | |
| fixed length control field | 160210t xxu||||| |||| 00| 0 eng d |
| 020 ## - INTERNATIONAL STANDARD BOOK NUMBER | |
| International Standard Book Number | 818942273-1 |
| 040 ## - CATALOGING SOURCE | |
| Transcribing agency | ASAB |
| 100 ## - MAIN ENTRY--PERSONAL NAME | |
| Personal name | R.Arunkumar |
| 9 (RLIN) | 1552 |
| 245 ## - TITLE STATEMENT | |
| Title | Innovative Horticulture |
| 246 ## - VARYING FORM OF TITLE | |
| Title proper/short title | innovative horticulture |
| 942 ## - ADDED ENTRY ELEMENTS (KOHA) | |
| Source of classification or shelving scheme | |
| Koha item type | Book |
| Withdrawn status | Lost status | Source of classification or shelving scheme | Damaged status | Not for loan | Permanent Location | Current Location | Date acquired | Total Checkouts | Full call number | Barcode | Date last seen | Date last checked out | Price effective from | Koha item type |
|---|---|---|---|---|---|---|---|---|---|---|---|---|---|---|
| Atta-ur-Rahman School of Applied Biosciences (ASAB) | Atta-ur-Rahman School of Applied Biosciences (ASAB) | 02/10/2016 | 1 | 635 ARU | ASAB1857 | 04/26/2018 | 02/10/2016 | 02/10/2016 | Book |
